| 000 | 00000nam 2200000zi 4500 |
| 001 | 9.931451 |
| 003 | CaOODSP |
| 005 | 20240125154736 |
| 006 | m o d f |
| 007 | cr |n||||||||| |
| 008 | 231213s2015 onc ob f000 0 fre d |
| 040 | |aCaOODSP|bfre|erda|cCaOODSP |
| 043 | |an-cn--- |
| 086 | 1 |aNG21-23/2015F-PDF |
| 245 | 00|aPolitique sur la gouvernance. |
| 246 | 37|aLa politique sur la gouvernance du MBAC |
| 264 | 1|a[Ottawa] : |bNational Gallery of Canada = Musée des beaux-arts du Canada, |c[2015] |
| 300 | |a1 ressource en ligne (11 pages) |
| 336 | |atexte|btxt|2rdacontent/fre |
| 337 | |ainformatique|bc|2rdamedia/fre |
| 338 | |aressource en ligne|bcr|2rdacarrier/fre |
| 500 | |aTitre de la couverture. |
| 500 | |a« Le conseil d'administration a approuvé cette politique le 8 décembre 2015 »--page couverture. |
| 500 | |aPublié aussi en anglais sous le titre : Governance policy. |
| 504 | |aComprend des références bibliographiques (page 11). |
| 610 | 26|aMusée des beaux-arts du Canada|xGestion. |
| 650 | 6|aGouvernement d'entreprise|zCanada. |
| 710 | 2 |aMusée des beaux-arts du Canada, |eorganisme de publication. |
| 775 | 08|tGovernance policy.|w(CaOODSP)9.931450 |
| 856 | 40|qPDF|s407 Ko|uhttps://publications.gc.ca/collections/collection_2023/mbac-ngc/NG21-23-2015-fra.pdf |